|
|
|
|
| LEADER |
01542nam a2200361 a 4500 |
| 001 |
38565 |
| 003 |
BD-DhAAL |
| 008 |
220822t2008 bg b bs 001 0 eng d |
| 999 |
|
|
|c 44859
|d 44859
|
| 010 |
|
|
|a 2009341358
|
| 020 |
|
|
|a 9848120807
|
| 025 |
|
|
|a B-E-2009-341358; 22; 27
|
| 037 |
|
|
|b Library of Congress -- New Delhi Overseas Office
|c TK395.00 ($20.00 U.S.)
|
| 040 |
|
|
|a DLC
|c DLC
|d DLC
|d BD-DhAAL
|
| 042 |
|
|
|a lcode
|
| 043 |
|
|
|a a-bg---
|
| 050 |
0 |
0 |
|a HD6190.6
|b .B57 2008
|
| 082 |
|
|
|a 331.4086912095492
|2 23
|
| 100 |
1 |
|
|a Blanchet, Thérèse.
|9 50961
|
| 245 |
1 |
0 |
|a Documenting the undocumented :
|b female migrant workers from Bangladesh /
|c Thérèse Blanchet, Abdur Razzaque, Hannan Biswas.
|
| 260 |
|
|
|a Dhaka :
|b Pathak Shamabesh :
|b Drishti Research Centre,
|c 2008.
|
| 300 |
|
|
|a 104 pages :
|b maps ;
|c 22 cm.
|
| 504 |
|
|
|a Includes bibliographical references (pages 88-91) and index.
|
| 541 |
|
|
|a Donated By Akbar Ali Khan
|e 38565
|
| 650 |
|
0 |
|a Women foreign workers
|z Bangladesh
|x Economic conditions.
|9 50962
|
| 650 |
|
0 |
|a Women foreign workers
|z Bangladesh
|x Social conditions.
|9 50963
|
| 650 |
|
0 |
|a Women foreign workers
|z Bangladesh
|z Statistics.
|9 50964
|
| 650 |
|
0 |
|a Economics.
|9 50965
|
| 700 |
1 |
|
|a Razzaq, Abdur.
|9 50966
|
| 700 |
1 |
|
|a Biswas, Hannan.
|9 50967
|
| 852 |
|
|
|a Ayesha Abed Library
|c Akbar Ali Khan Collection
|
| 942 |
|
|
|2 ddc
|c BK
|
| 952 |
|
|
|0 0
|1 0
|2 ddc
|4 0
|6 331_408691209549200_BLA
|7 1
|9 71706
|a BRACUL
|b BRACUL
|c AAKC
|d 2022-08-22
|e Donated by Akbar Ali Khan
|l 0
|o 331.4086912095492 BLA
|p 3010038565
|r 2022-08-22
|t 1
|w 2022-08-22
|y BK
|